000 00459nam a2200157Ia 4500
008 151015s9999 xx 000 0 und d
020 _a9.7802737108e+012
050 _aHF5549.T675 2002
245 _aTorrington Derek
250 _a_Human Resource Management Derek Torrington
260 _a7th ed.
300 _aNew York Pearson Education 2008
500 _aincudes index
650 _a_Human Resource Management
700 _a^d20101208 05:01:53^okorir
999 _c241
_d241